Las visitaciones del diablo

Salvato in:
Dettagli Bibliografici
Autore principale: Carballido, Emilio (Autore)
Natura: Libro
Lingua:spagnolo
Pubblicazione: Ciudad de México Joaquín Mortíz 1965
Serie:Serie Volador
Soggetti:
Tags: Aggiungi Tag
Nessun Tag, puoi essere il primo ad aggiungerne!!

MARC

LEADER 00000nam a2200000 a 4500
001 UCT8526
003 CL-VaPUC
008 970326e19650000MX |||||||||||||||||spa|d
082 0 4 |a Me863  |b CAB  |2 21 
100 0 |a Carballido, Emilio  |e author  |9 380267 
245 1 4 |a Las visitaciones del diablo 
300 |a 166 p 
942 |c BK 
945 |d 19970326 00:00:00  |a rleighto 
260 |a Ciudad de México  |b Joaquín Mortíz  |c 1965 
650 0 |a Novelas mexicanas  |9 317570 
583 |a last modification  |c 19970326 00:00:00  |k Rodrigo Vera 
490 0 |a Serie Volador 
999 |c 257018  |d 257016 
952 |0 0  |1 0  |4 0  |6 ME_863_000000000000000_CAB_1965  |7 0  |8 A  |9 280225  |a BIBEDU  |b BIBEDU  |d 2019-11-19  |i 3296261  |o Me863 CAB 1965  |p 3296261  |r 2019-11-19  |w 2019-11-19  |y BK  |k LIT